{"text_format":"3","workbook":"xlsx","n_sheets":1,"sheets":["t254"],"read":"whole","date_system":"1900"}

{"sheet":"t254","index":0,"n_rows":139,"n_cols":7,"rows_kept":139,"merged":[[0,0,0,6],[30,0,30,5],[38,0,38,5],[116,0,116,5]]}
["TABELA 254.1 - Estatísticas Agrícolas, Município de Itapecerica da Serra, Estado de São Paulo, 2007/08."]
["ITEM","UNIDADE","N.DE UPAs","MÍNIMO","MÉDIO","MÁXIMO","TOTAL"]
["Distância à sede do município","km",35,{"v":1,"d":"1.0"},{"v":8.03,"d":"8.0"},{"v":15,"d":"15.0"},"-"]
["Área total","hectare",35,2.4,{"v":10.59,"d":"10.6"},40.7,370.6]
["Área com cultura perene","hectare",7,0.3,{"v":0.63,"d":"0.6"},1.5,4.4]
["Área com cultura temporária","hectare",33,0.5,{"v":2.86,"d":"2.9"},{"v":8,"d":"8.0"},94.3]
["Área com pastagem","hectare",1,1.4,1.4,1.4,1.4]
["Área com reflorestamento","hectare",4,{"v":2,"d":"2.0"},{"v":2.88,"d":"2.9"},{"v":5,"d":"5.0"},11.5]
["Área com vegetação natural","hectare",31,0.1,{"v":4.23,"d":"4.2"},22.3,{"v":131,"d":"131.0"}]
["Área com vegetação de brejo e várzea","hectare",13,0.1,{"v":0.71,"d":"0.7"},{"v":2,"d":"2.0"},9.2]
["Área em descanso","hectare",21,0.3,{"v":4.91,"d":"4.9"},26.2,103.2]
["Área complementar","hectare",34,0.1,{"v":0.46,"d":"0.5"},1.5,15.6]
["Área das UPAs com (0, 1] ha","hectare","-","-","-","-","-"]
["Área das UPAs com (1, 2] ha","hectare","-","-","-","-","-"]
["Área das UPAs com (2, 5] ha","hectare",11,2.4,{"v":3.63,"d":"3.6"},4.8,39.9]
["Área das UPAs com (5, 10] ha","hectare",11,5.4,{"v":8,"d":"8.0"},{"v":10,"d":"10.0"},{"v":88,"d":"88.0"}]
["Área das UPAs com (10, 20] ha","hectare",10,10.8,14.3,{"v":19,"d":"19.0"},{"v":143,"d":"143.0"}]
["Área das UPAs com (20, 50] ha","hectare",3,{"v":29,"d":"29.0"},{"v":33.23,"d":"33.2"},40.7,99.7]
["Área das UPAs com (50, 100] ha","hectare","-","-","-","-","-"]
["Área das UPAs com (100, 200] ha","hectare","-","-","-","-","-"]
["Área das UPAs com (200, 500] ha","hectare","-","-","-","-","-"]
["Área das UPAs com (500, 1.000] ha","hectare","-","-","-","-","-"]
["Área das UPAs com (1.000, 2.000] ha","hectare","-","-","-","-","-"]
["Área das UPAs com (2.000, 5.000] ha","hectare","-","-","-","-","-"]
["Área das UPAs com (5.000, 10.000] ha","hectare","-","-","-","-","-"]
["Área das UPAs acima de 10.000 ha","hectare","-","-","-","-","-"]
["Familiares do proprietário que trabalham na UPA","unidade",34,{"v":1,"d":"1.0"},{"v":2.97,"d":"3.0"},{"v":10,"d":"10.0"},{"v":101,"d":"101.0"}]
["Trabalhadores permanentes","unidade",24,{"v":1,"d":"1.0"},{"v":5.75,"d":"5.8"},{"v":30,"d":"30.0"},{"v":138,"d":"138.0"}]
["Fonte: Secretaria de Agricultura e Abastecimento, CDRS/IEA, Projeto LUPA."]
[]
["TABELA 254.2 - Explorações Animais, Município de Itapecerica da Serra, Estado de São Paulo, 2007/08."]
["ITEM","UNIDADE","N.DE UPAs","MÍNIMO","MÉDIO","MÁXIMO","TOTAL"]
["Asininos E Muares","cabeças",1,{"v":2,"d":"2.0"},{"v":2,"d":"2.0"},{"v":2,"d":"2.0"},{"v":2,"d":"2.0"}]
["Avicultura para Ovos","cabeças",1,{"v":1500,"d":"1,500.0"},{"v":1500,"d":"1,500.0"},{"v":1500,"d":"1,500.0"},{"v":1500,"d":"1,500.0"}]
["Bovinocultura de Corte","cabeças",1,{"v":3,"d":"3.0"},{"v":3,"d":"3.0"},{"v":3,"d":"3.0"},{"v":3,"d":"3.0"}]
["Equinocultura","cabeças",1,{"v":20,"d":"20.0"},{"v":20,"d":"20.0"},{"v":20,"d":"20.0"},{"v":20,"d":"20.0"}]
["Fonte: Secretaria de Agricultura e Abastecimento, CDRS/IEA, Projeto LUPA."]
[]
["TABELA 254.3 -  Máquinas, Implementos e Benfeitorias, Município de Itapecerica da Serra, Estado de São Paulo, 2007/08."]
["ITEM","UNIDADE","N.DE UPAs","MÍNIMO","MÉDIO","MÁXIMO","TOTAL"]
["Arado Comum (Bacia, Aiveca)","Unidade",15,{"v":1,"d":"1.0"},1.2,{"v":2,"d":"2.0"},{"v":18,"d":"18.0"}]
["Arado Subsolador","Unidade",5,{"v":1,"d":"1.0"},{"v":1,"d":"1.0"},{"v":1,"d":"1.0"},{"v":5,"d":"5.0"}]
["Computador","Unidade",1,{"v":1,"d":"1.0"},{"v":1,"d":"1.0"},{"v":1,"d":"1.0"},{"v":1,"d":"1.0"}]
["Conj.Irrigação Convencional","Unidade",25,{"v":1,"d":"1.0"},{"v":1.72,"d":"1.7"},{"v":5,"d":"5.0"},{"v":43,"d":"43.0"}]
["Conj.Irrigação/Gotejamento/Microaspersão","Unidade",4,{"v":1,"d":"1.0"},{"v":1,"d":"1.0"},{"v":1,"d":"1.0"},{"v":4,"d":"4.0"}]
["Desintegrador, Picador, Triturador","Unidade",1,{"v":1,"d":"1.0"},{"v":1,"d":"1.0"},{"v":1,"d":"1.0"},{"v":1,"d":"1.0"}]
["Distribuidor de Calcário","Unidade",3,{"v":1,"d":"1.0"},{"v":1,"d":"1.0"},{"v":1,"d":"1.0"},{"v":3,"d":"3.0"}]
["Grade Niveladora","Unidade",8,{"v":1,"d":"1.0"},{"v":1.13,"d":"1.1"},{"v":2,"d":"2.0"},{"v":9,"d":"9.0"}]
["Implementos para Tração Animal","Unidade",1,{"v":6,"d":"6.0"},{"v":6,"d":"6.0"},{"v":6,"d":"6.0"},{"v":6,"d":"6.0"}]
["Microtrator","Unidade",20,{"v":1,"d":"1.0"},1.3,{"v":3,"d":"3.0"},{"v":26,"d":"26.0"}]
["Pulverizador Tratorizado","Unidade",11,{"v":1,"d":"1.0"},{"v":1.09,"d":"1.1"},{"v":2,"d":"2.0"},{"v":12,"d":"12.0"}]
["Semeadeira/Adubadeira para Plantio Convencional","Unidade",1,{"v":1,"d":"1.0"},{"v":1,"d":"1.0"},{"v":1,"d":"1.0"},{"v":1,"d":"1.0"}]
["Trator de Pneus","Unidade",23,{"v":1,"d":"1.0"},{"v":1.83,"d":"1.8"},{"v":3,"d":"3.0"},{"v":42,"d":"42.0"}]
["Açude/Represa","Unidade",27,{"v":1,"d":"1.0"},{"v":1.67,"d":"1.7"},{"v":6,"d":"6.0"},{"v":45,"d":"45.0"}]
["Almoxarifado/Oficina","Unidade",1,{"v":1,"d":"1.0"},{"v":1,"d":"1.0"},{"v":1,"d":"1.0"},{"v":1,"d":"1.0"}]
["Barracão para Granja/Avicultura","Unidade",1,{"v":1,"d":"1.0"},{"v":1,"d":"1.0"},{"v":1,"d":"1.0"},{"v":1,"d":"1.0"}]
["Barracão/Galpão/Garagem","Unidade",31,{"v":1,"d":"1.0"},{"v":2.29,"d":"2.3"},{"v":7,"d":"7.0"},{"v":71,"d":"71.0"}]
["Casa de Moradia Habitada","Unidade",33,{"v":1,"d":"1.0"},{"v":2.73,"d":"2.7"},{"v":9,"d":"9.0"},{"v":90,"d":"90.0"}]
["Casa de Moradia Total","Unidade",34,{"v":1,"d":"1.0"},{"v":3.06,"d":"3.1"},{"v":9,"d":"9.0"},{"v":104,"d":"104.0"}]
["Curral/Mangueira","Unidade",1,{"v":1,"d":"1.0"},{"v":1,"d":"1.0"},{"v":1,"d":"1.0"},{"v":1,"d":"1.0"}]
["Depósito/Tulha","Unidade",3,{"v":1,"d":"1.0"},{"v":1,"d":"1.0"},{"v":1,"d":"1.0"},{"v":3,"d":"3.0"}]
["Estufa/Plasticultura","m²",18,{"v":1000,"d":"1,000.0"},{"v":8333.33,"d":"8,333.3"},{"v":30000,"d":"30,000.0"},{"v":150000,"d":"150,000.0"}]
["Fábrica de Ração","Unidade",1,{"v":1,"d":"1.0"},{"v":1,"d":"1.0"},{"v":1,"d":"1.0"},{"v":1,"d":"1.0"}]
["Instalações para Equinos","Unidade",1,{"v":25,"d":"25.0"},{"v":25,"d":"25.0"},{"v":25,"d":"25.0"},{"v":25,"d":"25.0"}]
["Poço Semi-Artesiano","Unidade",5,{"v":1,"d":"1.0"},1.2,{"v":2,"d":"2.0"},{"v":6,"d":"6.0"}]
["Fonte: Secretaria de Agricultura e Abastecimento, CDRS/IEA, Projeto LUPA."]
[]
["TABELA 254.4 - Outras Estatísticas Agrícolas, Município de Itapecerica da Serra, Estado de São Paulo, 2007/08."]
["ITEM","Número de UPAs",null,"Percentual"]
["Faz Parte de Associação de Produtores",13,null,{"v":37.142857142857146,"d":"37.1"}]
["Faz Parte de Cooperativa de Produtores","-",null,"-"]
["Faz Parte do Sindicato de Produtores",21,null,{"v":60,"d":"60.0"}]
["Não utiliza assistência técnica ",2,null,{"v":5.714285714285714,"d":"5.7"}]
["Utiliza somente assistência técnica governamental ",0,null,{"v":0,"d":"0.0"}]
["Utiliza somente assistência técnica privada ",1,null,{"v":2.857142857142857,"d":"2.9"}]
["Utiliza assistência técnica tanto governamental quanto privada",32,null,{"v":91.42857142857143,"d":"91.4"}]
["Utiliza Crédito Rural","-",null,"-"]
["Utiliza Seguro Rural","-",null,"-"]
["Utiliza Escrituração Agrícola","-",null,"-"]
["Acessa Internet p/ Fins na Agropecuária",2,null,{"v":5.714285714285714,"d":"5.7"}]
["Utiliza Computador nas Atividades Agropecuárias","-",null,"-"]
["Utiliza Energia Elétrica Para Uso na Atividade Agrícola",34,null,{"v":97.14285714285714,"d":"97.1"}]
["Realiza Análise de Solo, quando necessário",18,null,{"v":51.42857142857143,"d":"51.4"}]
["Utiliza Práticas de Conservação de Solo, quando necessário",30,null,{"v":85.71428571428571,"d":"85.7"}]
["Faz Adubação Mineral, quando necessário",32,null,{"v":91.42857142857143,"d":"91.4"}]
["Faz Adubação Orgânica, quando necessário",27,null,{"v":77.14285714285714,"d":"77.1"}]
["Faz Adubação Verde, quando necessário",21,null,{"v":60,"d":"60.0"}]
["Utiliza Manejo Integrado de Pragas (MIP)","-",null,"-"]
["Utiliza Hidroponia",5,null,{"v":14.285714285714285,"d":"14.3"}]
["Utiliza Plasticultura",17,null,{"v":48.57142857142857,"d":"48.6"}]
["Utiliza Mudas Fiscalizadas",18,null,{"v":51.42857142857143,"d":"51.4"}]
["Utiliza Semente Melhorada",28,null,{"v":80,"d":"80.0"}]
["Faz Confinamento de Bovinos","-",null,"-"]
["Utiliza Pastejo Intensivo",1,null,{"v":2.857142857142857,"d":"2.9"}]
["Faz Inseminação Artificial","-",null,"-"]
["Faz Mineralização do Rebanho",1,null,{"v":2.857142857142857,"d":"2.9"}]
["Faz Vermifugação do Rebanho",1,null,{"v":2.857142857142857,"d":"2.9"}]
["Possui Parceiros /Arrendatários na Exploração Animal","-",null,"-"]
["Esporte e lazer","-",null,"-"]
["Extração mineral","-",null,"-"]
["Hotel Fazenda, Pousada ou SPA","-",null,"-"]
["Pesque-pague",1,null,{"v":2.857142857142857,"d":"2.9"}]
["Restaurante ou Lanchonete","-",null,"-"]
["Transformação artesanal","-",null,"-"]
["Turismo rural ou ecoturismo","-",null,"-"]
["Outras atividades econômicas rurais","-",null,"-"]
["Agroindústria","-",null,"-"]
["Proprietário sem instrução ou com instrução incompleta","-",null,"-"]
["Proprietário com antigo primário completo",14,null,{"v":40,"d":"40.0"}]
["Proprietário com 1° grau (ou antigo ginasial) completo",10,null,{"v":28.57142857142857,"d":"28.6"}]
["Proprietário com 2° grau (ou antigo colegial) completo",8,null,{"v":22.857142857142858,"d":"22.9"}]
["Proprietário com curso superior completo ",3,null,{"v":8.571428571428571,"d":"8.6"}]
["Pessoa Jurídica","-",null,"-"]
["Proprietário residente na própria UPA ",30,null,{"v":85.71428571428571,"d":"85.7"}]
["Fonte: Secretaria de Agricultura e Abastecimento, CDRS/IEA, Projeto LUPA."]
[]
["TABELA 254.5 - Área Cultivada, Município de Itapecerica da Serra, Estado de São Paulo, 2007/08."]
["CULTURA","N.DE UPAs","MÍNIMO","MÉDIO","MÁXIMO","TOTAL"]
["Alface",9,0.5,{"v":8.77,"d":"8.8"},27.2,78.9]
["Outras olericolas",10,0.8,{"v":6.68,"d":"6.7"},23.4,66.8]
["Viveiro de flores e ornamentais",10,{"v":1,"d":"1.0"},{"v":4.81,"d":"4.8"},9.4,48.1]
["Chuchu",7,{"v":2,"d":"2.0"},4.6,{"v":7,"d":"7.0"},32.2]
["Eucalipto",4,{"v":2,"d":"2.0"},{"v":2.88,"d":"2.9"},{"v":5,"d":"5.0"},11.5]
["Abobora (ou jerimum)",1,{"v":8,"d":"8.0"},{"v":8,"d":"8.0"},{"v":8,"d":"8.0"},{"v":8,"d":"8.0"}]
["Pepino",3,0.3,{"v":0.93,"d":"0.9"},1.8,2.8]
["Couve (ou couve-crespa)",3,0.5,{"v":0.93,"d":"0.9"},1.8,2.8]
["Outras culturas temporárias",3,0.5,{"v":0.83,"d":"0.8"},{"v":1,"d":"1.0"},2.5]
["Gengibre",1,{"v":2,"d":"2.0"},{"v":2,"d":"2.0"},{"v":2,"d":"2.0"},{"v":2,"d":"2.0"}]
["Brocolos (ou brocolis)",2,0.5,{"v":0.85,"d":"0.9"},1.2,1.7]
["Tomate envarado",2,0.5,{"v":0.75,"d":"0.8"},{"v":1,"d":"1.0"},1.5]
["Bambu",3,0.5,0.5,0.5,1.5]
["Outras gramineas para pastagem",1,1.4,1.4,1.4,1.4]
["Floricultura para vaso",2,0.5,{"v":0.55,"d":"0.6"},0.6,1.1]
["Pimentao",2,0.2,0.5,0.8,{"v":1,"d":"1.0"}]
["Couve-flor",1,0.5,0.5,0.5,0.5]
["Repolho",1,0.5,0.5,0.5,0.5]
["Acelga",1,0.5,0.5,0.5,0.5]
["Outros viveiros",1,0.3,0.3,0.3,0.3]
["Fonte: Secretaria de Agricultura e Abastecimento, CDRS/IEA, Projeto LUPA."]